Tilastot visalle Kuka laulaa bändissä?

Klikkaa tästä pelataksesi tätä visaa!

Yleistilastot

  • Tätä visaa on pelattu 261 kertaa
  • Keskiarvotulos 13 / 20

Vastaustilastot

BändiLaulaja% Oikein
Haloo Helsinki!Elli Haloo
93%
PMMPPaula Vesala / Mira Luoti
93%
Olli Lindholm
90%
ApulantaToni Wirtanen
87%
PopedaPate Mustajärvi
84%
Hanoi RocksMichael Monroe
79%
HIMVille Valo
79%
DingoPertti ''Nipa'' Neumann
78%
The RasmusLauri Ylönen
74%
HurriganesHenry ”Remu” Aaltonen
65%
Eppu NormaaliMartti Syrjä
65%
Sielun VeljetIsmo Alanko
53%
Maj KarmaHerra Ylppö
52%
The 69 EyesJyrki 69
48%
Kolmas NainenPauli Hanhiniemi
45%
NegativeJonne Aaron
44%
TarharyhmäMaija Vilkkumaa
44%
KemopetrolLaura Närhi
41%
Bogart Co.Reddie "Ressu" Redford
39%
BoycottTommi Läntinen
18%

Tulosjakauma

Persentiili vastausten määrän mukaan

Jokaisen tuloksen saaneiden osuus

Tuloshistoriasi

Et ole pelannut tätä visaa